000 00754cam a22002173a 4500
001 39716
003 PGUSA
005 20140828083902.0
008 120517s2012||||xxu|||||s|||||000 | eng d
040 _aPGUSA
_beng
042 _adc
100 1 _aHawthorne, Nathaniel,
_d1804-1864
245 1 0 _aLittle Masterpieces :
_bDr. Heidegger's Experiment, The Birthmark, Ethan Brand, Wakefield, Drowne's Wooden Image, The Ambitious Guest, The Great Stone F
_h[electronic resource] /
_cNathaniel Hawthorne
260 _bProject Gutenberg,
_c2012
506 _aPublic domain in the USA.
516 _aElectronic text
700 1 _aPerry, Bliss,
_d1860-1954
830 0 _aProject Gutenberg
_v39716
856 4 0 _uhttp://www.gutenberg.org/ebooks/39716
942 _cEB
999 _c268969
_d268969